[Event "Isle of Wight International"]
[Site "Ryde"]
[Date "2025.02.21"]
[Round "6.9"]
[White "Kreken, Eivind Grunt"]
[Black "Roberson, Peter T"]
[Result "1/2-1/2"]
[WhiteElo "2285"]
[BlackElo "2444"]
[PlyCount "83"]
[EventDate "2025.02.18"]
[EventType "swiss"]
[EventRounds "9"]
[EventCountry "ENG"]
[SourceTitle "BritBase"]
[Source "John Saunders"]
[SourceDate "2025.02.21"]
[SourceVersion "1"]
[SourceVersionDate "2025.02.21"]
[SourceQuality "1"]

1. e4 e6 2. d4 d5 3. Nc3 Nf6 4. e5 Nfd7 5. f4 c5 6. Nf3 Nc6 7. Be3 a6 8. Be2 cxd4 9. Nxd4 Bc5 10. Qd2 O-O 11. O-O-O Nxd4 12. Bxd4 b5 13. Kb1 Bb7 14. Bxc5 Nxc5 15. Qd4 Qb6 16. Bd3 b4 17. Ne2 a5 18. f5 exf5 19. Bxf5 a4 20. Nf4 b3 21. cxb3 axb3 22. a3 Ra4 23. Nxd5 Rxd4 24. Nxb6 Rf4 25. Bh3 Re8 26. Rd2 g5 27. Nd5 Ne4 28. Nxf4 Nxd2+ 29. Kc1 Nc4 30. Nd3 Nxe5 31. Bf5 Nc4 32. Re1 Rd8 33. g4 Nd6 34. Nc5 Nxf5 35. Nxb7 Rc8+ 36. Kd2 Nh6 37. Rc1 Rb8 38. Nc5 Nxg4 39. Rg1 f5 40. h3 Rb5 41. Nd3 Nf6 42. Rxg5+ 1/2-1/2

[Event "Isle of Wight International"]
[Site "Ryde"]
[Date "2025.02.21"]
[Round "6.10"]
[White "Beerdsen, Thomas"]
[Black "Golding, Alex"]
[Result "1/2-1/2"]
[WhiteElo "2511"]
[BlackElo "2365"]
[PlyCount "114"]
[EventDate "2025.02.18"]
[EventType "swiss"]
[EventRounds "9"]
[EventCountry "ENG"]
[SourceTitle "BritBase"]
[Source "John Saunders"]
[SourceDate "2025.02.21"]
[SourceVersion "1"]
[SourceVersionDate "2025.02.21"]
[SourceQuality "1"]

1. e4 e5 2. Nf3 Nc6 3. d4 exd4 4. Nxd4 Bc5 5. Nxc6 Qf6 6. Qf3 bxc6 7. Nc3 Qxf3 8. gxf3 Ne7 9. Be3 Bxe3 10. fxe3 d6 11. Rg1 O-O 12. Bc4 Be6 13. Bb3 c5 14. Rd1 Rab8 15. Nd5 Nxd5 16. exd5 Bd7 17. Kd2 Rfe8 18. Rde1 f5 19. Bc4 Kf7 20. b3 Kf6 21. f4 Bb5 22. Bd3 Re7 23. h4 Bxd3 24. cxd3 a5 25. Kc3 Rb6 26. Rg3 c6 27. dxc6 Rxc6 28. e4 Rb6 29. Rg5 g6 30. h5 fxe4 31. dxe4 Rb4 32. hxg6 hxg6 33. Rd1 Rbxe4 34. Rxd6+ Kf7 35. Rdxg6 Rxf4 36. Rg7+ Ke8 37. Rxe7+ Kxe7 38. Rxc5 a4 39. Rd5 Rf2 40. bxa4 Rxa2 41. Kb4 Ke6 42. Rd1 Rb2+ 43. Kc5 Rc2+ 44. Kb6 Rb2+ 45. Kc6 Rc2+ 46. Kb5 Rb2+ 47. Kc4 Rc2+ 48. Kb3 Rc6 49. a5 Rd6 50. Ra1 Kd5 51. Kb4 Kc6 52. a6 Rd4+ 53. Kc3 Rd8 54. a7 Ra8 55. Kb4 Kb6 56. Ra2 Rxa7 57. Rxa7 Kxa7 1/2-1/2

[Event "Isle of Wight International"]
[Site "Ryde"]
[Date "2025.02.21"]
[Round "6.11"]
[White "Willow, Jonah B"]
[Black "Tomaszewski, Kacper"]
[Result "1/2-1/2"]
[WhiteElo "2459"]
[BlackElo "2348"]
[PlyCount "55"]
[EventDate "2025.02.18"]
[EventType "swiss"]
[EventRounds "9"]
[EventCountry "ENG"]
[SourceTitle "BritBase"]
[Source "John Saunders"]
[SourceDate "2025.02.21"]
[SourceVersion "1"]
[SourceVersionDate "2025.02.21"]
[SourceQuality "1"]

1. e4 c5 2. Nf3 Nc6 3. Bb5 d5 4. exd5 Qxd5 5. O-O Bg4 6. Nc3 Bxf3 7. Nxd5 Bxd1 8. Rxd1 Rc8 9. d4 e6 10. Nc3 cxd4 11. Rxd4 a6 12. Bxc6+ Rxc6 13. Bg5 Be7 14. Bxe7 Kxe7 15. Rad1 Nf6 16. g4 g5 17. R1d3 Rc7 18. a4 h5 19. h3 hxg4 20. hxg4 Rh4 21. f3 Rh8 22. Kg2 Rb8 23. Rd2 b5 24. axb5 axb5 25. Rb4 Rc4 26. Rxb5 Rxb5 27. Nxb5 Rb4 28. Nc3 1/2-1/2

[Event "Isle of Wight International"]
[Site "Ryde"]
[Date "2025.02.21"]
[Round "6.12"]
[White "Larkin, Vladyslav"]
[Black "Dorrance, Adam"]
[Result "1-0"]
[WhiteElo "2441"]
[BlackElo "2284"]
[PlyCount "141"]
[EventDate "2025.02.18"]
[EventType "swiss"]
[EventRounds "9"]
[EventCountry "ENG"]
[SourceTitle "BritBase"]
[Source "John Saunders"]
[SourceDate "2025.02.21"]
[SourceVersion "1"]
[SourceVersionDate "2025.02.21"]
[SourceQuality "1"]

1. d4 d5 2. Nc3 Nf6 3. Bg5 h6 4. Bxf6 exf6 5. e3 c6 6. Bd3 Bd6 7. Qf3 h5 8. h3 Na6 9. e4 dxe4 10. Bxe4 Nc7 11. O-O-O f5 12. Bd3 Be6 13. Nge2 Qg5+ 14. Kb1 h4 15. Rhe1 O-O-O 16. d5 Nxd5 17. Nxd5 Bxd5 18. Bxf5+ Kb8 19. Be4 Bxe4 20. Qxe4 Bc5 21. f4 Qf6 22. Nc1 Bf2 23. Rxd8+ Rxd8 24. Re2 Bg3 25. Nd3 Qxf4 26. Qxf4+ Bxf4 27. Re7 Bg5 28. Rxf7 Bf6 29. a4 Rd5 30. Nf4 Rd1+ 31. Ka2 a5 32. c3 Rd2 33. Kb3 Ka7 34. Ne6 Kb6 35. Nxg7 Rxg2 36. Rxf6 Rxg7 37. Rh6 Rg2 38. Rxh4 Rh2 39. Rh7 Kc5 40. Rh5+ Kd6 41. h4 b6 42. Rh8 Kc5 43. Rh6 Kd5 44. Ka3 Rh3 45. h5 Kc5 46. Rh8 Kd5 47. h6 Kc5 48. h7 Rh1 49. Kb3 Rh2 50. Ka2 Rh3 51. Kb1 Rh2 52. b3 Rh1+ 53. Kc2 Rh3 54. Kd2 Rh2+ 55. Kd3 Rh3+ 56. Ke4 Rh4+ 57. Kf5 Rh1 58. Kg6 Rg1+ 59. Kf7 Rh1 60. Ke7 Rh2 61. Kd7 Rh3 62. Kc7 Rh6 63. Kb7 Rh3 64. Ka6 Rh4 65. Rg8 Rxh7 66. Rg5+ Kd6 67. Kxb6 Rh8 68. Kxa5 Rb8 69. b4 Kc7 70. b5 Ra8+ 71. Kb4 1-0

[Event "Isle of Wight International"]
[Site "Ryde"]
[Date "2025.02.21"]
[Round "6.13"]
[White "Greet, Andrew N"]
[Black "Turner, Matthew J"]
[Result "1/2-1/2"]
[WhiteElo "2398"]
[BlackElo "2438"]
[PlyCount "30"]
[EventDate "2025.02.18"]
[EventType "swiss"]
[EventRounds "9"]
[EventCountry "ENG"]
[SourceTitle "BritBase"]
[Source "John Saunders"]
[SourceDate "2025.02.21"]
[SourceVersion "1"]
[SourceVersionDate "2025.02.21"]
[SourceQuality "1"]

1. c4 Nf6 2. Nf3 e6 3. g3 d5 4. Bg2 Be7 5. d4 O-O 6. Nc3 c6 7. O-O Nbd7 8. Qd3 b6 9. e4 Ba6 10. b3 c5 11. e5 dxc4 12. bxc4 Nd5 13. Nb5 Bxb5 14. cxb5 cxd4 15. Qxd4 Nc5 1/2-1/2

[Event "Isle of Wight International"]
[Site "Ryde"]
[Date "2025.02.21"]
[Round "6.14"]
[White "Spence, David J"]
[Black "Vestby-Ellingsen, Mads"]
[Result "1/2-1/2"]
[WhiteElo "2181"]
[BlackElo "2406"]
[PlyCount "48"]
[EventDate "2025.02.18"]
[EventType "swiss"]
[EventRounds "9"]
[EventCountry "ENG"]
[SourceTitle "BritBase"]
[Source "John Saunders"]
[SourceDate "2025.02.21"]
[SourceVersion "1"]
[SourceVersionDate "2025.02.21"]
[SourceQuality "1"]

1. e4 c5 2. c3 d5 3. exd5 Nf6 4. Qa4+ Nbd7 5. Qb3 g6 6. Nf3 Bg7 7. Be2 O-O 8. O-O b6 9. c4 Bb7 10. Nc3 e6 11. dxe6 fxe6 12. d4 cxd4 13. Nxd4 Nc5 14. Qd1 Qe7 15. Be3 Rad8 16. Qc2 Nh5 17. Rad1 Nf4 18. Bxf4 Rxf4 19. Nb3 Rdf8 20. g3 R4f7 21. Bg4 Nxb3 22. axb3 Qe8 23. Rd6 Be5 24. Rxe6 Re7 1/2-1/2

[Event "Isle of Wight International"]
[Site "Ryde"]
[Date "2025.02.21"]
[Round "6.15"]
[White "Camacho Collados, Jose"]
[Black "Fava, Lorenzo"]
[Result "1/2-1/2"]
[WhiteElo "2345"]
[BlackElo "2269"]
[PlyCount "117"]
[EventDate "2025.02.18"]
[EventType "swiss"]
[EventRounds "9"]
[EventCountry "ENG"]
[SourceTitle "BritBase"]
[Source "John Saunders"]
[SourceDate "2025.02.21"]
[SourceVersion "1"]
[SourceVersionDate "2025.02.21"]
[SourceQuality "1"]

1. e4 g6 2. d4 Bg7 3. Nf3 d5 4. exd5 Qxd5 5. c4 Qd8 6. Be2 Nh6 7. Bf4 Nf5 8. Be5 f6 9. Bg3 O-O 10. Nc3 c6 11. O-O Nxg3 12. hxg3 Qc7 13. Re1 Kh8 14. Bf1 Bg4 15. Qe2 e5 16. dxe5 fxe5 17. Qe4 Bf5 18. Qh4 Bf6 19. Qh6 Bg7 20. Qe3 Na6 21. a3 e4 22. Ng5 Rae8 23. Rad1 b6 24. b4 Qe5 25. Ngxe4 c5 26. b5 Nc7 27. Qc1 Bxe4 28. Nxe4 Qf5 29. Qf4 Qxf4 30. gxf4 Rxf4 31. Nd6 Ref8 32. Re2 Bd4 33. Rdd2 Rd8 34. g3 Rf3 35. Bg2 Rf6 36. Ne4 Rf7 37. Ng5 Rfd7 38. Kh2 Bf6 39. Rxd7 Rxd7 40. f4 Kg7 41. Ne6+ Nxe6 42. Rxe6 Rd3 43. a4 h5 44. Rc6 Re3 45. a5 bxa5 46. Rxc5 h4 47. gxh4 Bxh4 48. Rc7+ Re7 49. Rc6 Re3 50. Ra6 Bg3+ 51. Kg1 Re7 52. Rxa5 Bxf4 53. Bd5 Kf6 54. Ra6+ Kf5 55. Kg2 g5 56. Ra2 Rh7 57. Re2 Rh2+ 58. Kf1 Rxe2 59. Kxe2 1/2-1/2

[Event "Isle of Wight International"]
[Site "Ryde"]
[Date "2025.02.21"]
[Round "6.16"]
[White "Radeva, Viktoria"]
[Black "Brewer, Callum D"]
[Result "1/2-1/2"]
[WhiteElo "2303"]
[BlackElo "2122"]
[PlyCount "77"]
[EventDate "2025.02.18"]
[EventType "swiss"]
[EventRounds "9"]
[EventCountry "ENG"]
[SourceTitle "BritBase"]
[Source "John Saunders"]
[SourceDate "2025.02.21"]
[SourceVersion "1"]
[SourceVersionDate "2025.02.21"]
[SourceQuality "1"]

1. e4 c6 2. d4 d5 3. e5 Bf5 4. h4 h5 5. Bd3 Qd7 6. Nf3 Bg4 7. c3 e6 8. Bg5 c5 9. dxc5 Bxc5 10. Nbd2 Nc6 11. O-O Nge7 12. b4 Bb6 13. Qb3 O-O 14. b5 Na5 15. Qb4 Rfe8 16. Nd4 Rac8 17. Rac1 Qc7 18. Rfe1 Bc5 19. Qb2 Qb6 20. Kh2 Nf5 21. f3 Nxd4 22. cxd4 Bxd4 23. Rxc8 Rxc8 24. Qb1 Bf5 25. Bxf5 exf5 26. Qxf5 Re8 27. Bf4 Bf2 28. Rc1 Bxh4 29. Qxh5 Bf2 30. Qf5 Be3 31. Bxe3 Qxe3 32. Rc8 Rxc8 33. Qxc8+ Kh7 34. Qf5+ Kg8 35. Nf1 Qh6+ 36. Kg1 Qb6+ 37. Kh2 Qh6+ 38. Kg1 Qb6+ 39. Kh2 1/2-1/2

[Event "Isle of Wight International"]
[Site "Ryde"]
[Date "2025.02.21"]
[Round "6.17"]
[White "Khoury, Theo"]
[Black "Dickenson, Neil F"]
[Result "1/2-1/2"]
[WhiteElo "2124"]
[BlackElo "2283"]
[PlyCount "64"]
[EventDate "2025.02.18"]
[EventType "swiss"]
[EventRounds "9"]
[EventCountry "ENG"]
[SourceTitle "BritBase"]
[Source "John Saunders"]
[SourceDate "2025.02.21"]
[SourceVersion "1"]
[SourceVersionDate "2025.02.21"]
[SourceQuality "1"]

1. e4 e6 2. d4 d5 3. Nc3 Bb4 4. exd5 exd5 5. Bd3 Nf6 6. Nge2 Nc6 7. O-O Be6 8. Bf4 Qd7 9. a3 Bxc3 10. bxc3 Na5 11. Be5 O-O-O 12. Bxf6 gxf6 13. Nf4 Bg4 14. Qd2 h5 15. Rab1 Rdg8 16. Kh1 h4 17. h3 Be6 18. Rb5 Nc4 19. Bxc4 dxc4 20. Rfb1 b6 21. a4 a6 22. R5b4 Rg5 23. Qe2 Bd5 24. f3 Rhg8 25. Nxd5 Qxd5 26. Rg1 b5 27. axb5 axb5 28. Rbb1 Qe6 29. Qf2 Rg3 30. Kh2 Qd6 31. Kh1 Qe6 32. Kh2 Qd6 1/2-1/2

[Event "Isle of Wight International"]
[Site "Ryde"]
[Date "2025.02.21"]
[Round "6.18"]
[White "Banerjee, Supratit"]
[Black "Patel, Zain"]
[Result "1-0"]
[WhiteElo "2264"]
[BlackElo "2089"]
[PlyCount "131"]
[EventDate "2025.02.18"]
[EventType "swiss"]
[EventRounds "9"]
[EventCountry "ENG"]
[SourceTitle "BritBase"]
[Source "John Saunders"]
[SourceDate "2025.02.21"]
[SourceVersion "1"]
[SourceVersionDate "2025.02.21"]
[SourceQuality "1"]

1. e4 e5 2. Nf3 Nc6 3. Bb5 Nge7 4. d4 exd4 5. Nxd4 Nxd4 6. Qxd4 Nc6 7. Qd1 Bc5 8. O-O O-O 9. Nc3 a6 10. Bd3 Ne5 11. Be2 d6 12. Bf4 Be6 13. Qd2 Nc4 14. Bxc4 Bxc4 15. Rfe1 Qf6 16. Be3 Rad8 17. Rad1 Rfe8 18. Bd4 Bxd4 19. Qxd4 Qxd4 20. Rxd4 d5 21. Nxd5 Bxa2 22. b3 c5 23. Rdd1 c4 24. b4 c3 25. Nxc3 Be6 26. Na4 Bd7 27. Nc5 Bc6 28. f3 g6 29. h4 Rc8 30. Rd6 Bb5 31. Rc1 Re7 32. c4 Be8 33. Ra1 Bc6 34. Kf2 Rec7 35. Ke3 a5 36. Nd3 Be8 37. Rxa5 Rxc4 38. Rc5 R8xc5 39. bxc5 Bb5 40. Rb6 Ba6 41. Rb3 Rc2 42. Kd4 Rxg2 43. Nb4 Bb5 44. Nd5 Bc6 45. Ke5 Kf8 46. Kf6 Rc2 47. Ra3 Rxc5 48. Ra8+ Be8 49. Kg5 Rc6 50. Rb8 b5 51. f4 b4 52. e5 Re6 53. Kh6 g5+ 54. Kxg5 h6+ 55. Kf5 h5 56. Nf6 b3 57. Kg5 b2 58. Rxb2 Ba4 59. Rb8+ Ke7 60. Ra8 Bc6 61. Ra7+ Kf8 62. Kxh5 Bf3+ 63. Kg5 Kg7 64. h5 Rb6 65. h6+ Kf8 66. Nd7+ 1-0

[Event "Isle of Wight International"]
[Site "Ryde"]
[Date "2025.02.21"]
[Round "6.19"]
[White "Rida, Ruqayyah"]
[Black "Collin, Moritz Valentin"]
[Result "0-1"]
[WhiteElo "2101"]
[BlackElo "2240"]
[PlyCount "76"]
[EventDate "2025.02.18"]
[EventType "swiss"]
[EventRounds "9"]
[EventCountry "ENG"]
[SourceTitle "BritBase"]
[Source "John Saunders"]
[SourceDate "2025.02.21"]
[SourceVersion "1"]
[SourceVersionDate "2025.02.21"]
[SourceQuality "1"]

1. e4 c5 2. Nf3 e6 3. d4 cxd4 4. Nxd4 Nc6 5. Nc3 Qc7 6. Be3 a6 7. Qf3 h5 8. Nxc6 Qxc6 9. Be2 b5 10. e5 Bb7 11. O-O-O Ne7 12. Qxc6 Bxc6 13. Bf3 Bxf3 14. gxf3 f6 15. exf6 gxf6 16. Ne4 Nd5 17. Rxd5 exd5 18. Nxf6+ Kf7 19. Nxd7 Bh6 20. Rd1 Bxe3+ 21. fxe3 Rae8 22. Rxd5 Rxe3 23. Nc5 Rxf3 24. Rd7+ Kg6 25. Rd6+ Rf6 26. Rxa6 Rxa6 27. Nxa6 h4 28. Nc7 Rh5 29. Ne6 Rf5 30. h3 Rf1+ 31. Kd2 Rh1 32. b3 Rh2+ 33. Kc3 Rxh3+ 34. Kb4 Rf3 35. Nc5 h3 36. Nd7 Rf5 37. a4 bxa4 38. bxa4 h2 0-1

[Event "Isle of Wight International"]
[Site "Ryde"]
[Date "2025.02.21"]
[Round "6.20"]
[White "Kovalskyi, Roman"]
[Black "Elgar, Tim"]
[Result "1-0"]
[WhiteElo "2240"]
[BlackElo "2104"]
[PlyCount "33"]
[EventDate "2025.02.18"]
[EventType "swiss"]
[EventRounds "9"]
[EventCountry "ENG"]
[SourceTitle "BritBase"]
[Source "John Saunders"]
[SourceDate "2025.02.21"]
[SourceVersion "1"]
[SourceVersionDate "2025.02.21"]
[SourceQuality "1"]

1. e4 c6 2. d4 d5 3. e5 c5 4. Nf3 cxd4 5. Qxd4 Nc6 6. Qf4 e6 7. Bd3 Nb4 8. Bd2 Nxd3+ 9. cxd3 Ne7 10. Nc3 Bd7 11. Ng5 Nf5 12. g4 Nh6 13. O-O f6 14. exf6 gxf6 15. Nxd5 Bc5 16. Nxf6+ Ke7 17. Nge4 1-0

[Event "Isle of Wight International"]
[Site "Ryde"]
[Date "2025.02.21"]
[Round "6.21"]
[White "Zhang, Junyi"]
[Black "Steiners, Emils"]
[Result "1-0"]
[WhiteElo "2096"]
[BlackElo "2237"]
[PlyCount "203"]
[EventDate "2025.02.18"]
[EventType "swiss"]
[EventRounds "9"]
[EventCountry "ENG"]
[SourceTitle "BritBase"]
[Source "John Saunders"]
[SourceDate "2025.02.21"]
[SourceVersion "1"]
[SourceVersionDate "2025.02.21"]
[SourceQuality "1"]

1. e4 c5 2. Nf3 Nc6 3. d4 cxd4 4. Nxd4 Nf6 5. Nc3 e5 6. Ndb5 d6 7. Nd5 Nxd5 8. exd5 Nb8 9. a4 Be7 10. Be2 O-O 11. O-O f5 12. f4 Bf6 13. c3 g6 14. Kh1 Qe7 15. a5 a6 16. Na3 Nd7 17. Nc4 Re8 18. Bf3 Rb8 19. Be3 Kg7 20. Qd2 exf4 21. Bxf4 Ne5 22. Rae1 Bd7 23. Nb6 Qf7 24. c4 Rbd8 25. b4 Bh4 26. g3 Bf6 27. Bg2 Kh8 28. Be3 Kg8 29. Bf4 Qg7 30. Bh6 Qe7 31. Be3 Ng4 32. Bf4 Ne5 33. Be3 g5 34. Bd4 Qg7 35. Bxe5 dxe5 36. Nxd7 Qxd7 37. c5 Kg7 38. d6 e4 39. Bh3 g4 40. Bg2 Kg6 41. Qe3 Bg5 42. Qd4 h5 43. h4 Bf6 44. Qe3 Qe6 45. Qf4 Qe5 46. Qe3 Rd7 47. Re2 Bd8 48. Ref2 Rf7 49. Rd2 Re6 50. Rdf2 Kg7 51. Rf4 Qd5 52. R4f2 Re5 53. Rd2 Qe6 54. Rdf2 Rf8 55. Rd2 Kg6 56. Rdf2 Re8 57. Rd2 Rd5 58. Rfd1 Rxd2 59. Rxd2 Qd7 60. Rf2 Bf6 61. Kh2 Qe6 62. Kh1 Qe5 63. Rd2 Rd8 64. d7 Qc3 65. Qxc3 Bxc3 66. Rd6+ Kf7 67. b5 axb5 68. a6 bxa6 69. c6 Ba5 70. Rh6 Bc7 71. Rxh5 Kg6 72. Rg5+ Kf6 73. Rh5 b4 74. Rh6+ Ke5 75. Bf1 b3 76. Bc4 b2 77. Ba2 Kd4 78. Re6 Kd3 79. Kg2 Kc2 80. Re8 Kd2 81. Kf1 e3 82. h5 f4 83. gxf4 g3 84. h6 g2+ 85. Kxg2 e2 86. h7 e1=Q 87. h8=Q b1=Q 88. Qd4+ Qd3 89. Qb2+ Qc2 90. Qxc2+ Kxc2 91. Rxe1 Bxf4 92. Kf3 Bc7 93. Ke4 Kb2 94. Bc4 a5 95. Kd5 Rh8 96. Kc5 Rh5+ 97. Bd5 a4 98. Re8 a3 99. d8=Q Bxd8 100. Rxd8 a2 101. Rb8+ Ka1 102. Ra8 1-0

[Event "Isle of Wight International"]
[Site "Ryde"]
[Date "2025.02.21"]
[Round "6.22"]
[White "Shearsby, Jude"]
[Black "Kothari, Jai"]
[Result "1-0"]
[WhiteElo "2227"]
[BlackElo "2070"]
[PlyCount "103"]
[EventDate "2025.02.18"]
[EventType "swiss"]
[EventRounds "9"]
[EventCountry "ENG"]
[SourceTitle "BritBase"]
[Source "John Saunders"]
[SourceDate "2025.02.21"]
[SourceVersion "1"]
[SourceVersionDate "2025.02.21"]
[SourceQuality "1"]

1. e4 c5 2. Nf3 Nc6 3. Bb5 g6 4. O-O Bg7 5. Re1 Nf6 6. Nc3 a6 7. Bxc6 dxc6 8. e5 Nd5 9. Ne4 b6 10. h3 h6 11. a4 a5 12. d4 cxd4 13. Nxd4 Bb7 14. e6 Nf6 15. Nc3 O-O 16. exf7+ Rxf7 17. Ne6 Qxd1 18. Rxd1 Nd5 19. Nxd5 cxd5 20. Nxg7 Kxg7 21. f4 Rc8 22. c3 e6 23. Be3 Rc6 24. Bd4+ Kf8 25. g3 Ke8 26. Re1 Kd7 27. h4 h5 28. Kf2 Ba6 29. Ke3 Kc8 30. Rg1 Kb8 31. Rg2 Bc8 32. Be5+ Kb7 33. b3 Rf5 34. Kd4 Ka6 35. Rh1 Rf8 36. g4 hxg4 37. Rxg4 b5 38. axb5+ Kxb5 39. Rxg6 Rxf4+ 40. Bxf4 e5+ 41. Kxe5 Rxg6 42. h5 Re6+ 43. Kxd5 Re8 44. Rb1 Rf8 45. c4+ Kb6 46. Be3+ Kc7 47. h6 Rf5+ 48. Kd4 Rh5 49. Rg1 Rh4+ 50. Ke5 a4 51. bxa4 Rxc4 52. Rc1 1-0

[Event "Isle of Wight International"]
[Site "Ryde"]
[Date "2025.02.21"]
[Round "6.23"]
[White "Malinovsky, Ilya"]
[Black "Boswell, Jacob Connor"]
[Result "0-1"]
[WhiteElo "2073"]
[BlackElo "2214"]
[PlyCount "178"]
[EventDate "2025.02.18"]
[EventType "swiss"]
[EventRounds "9"]
[EventCountry "ENG"]
[SourceTitle "BritBase"]
[Source "John Saunders"]
[SourceDate "2025.02.21"]
[SourceVersion "1"]
[SourceVersionDate "2025.02.21"]
[SourceQuality "1"]

1. e4 c5 2. c3 Nf6 3. e5 Nd5 4. Nf3 d6 5. Bb5+ Bd7 6. Bc4 e6 7. d4 cxd4 8. Bxd5 exd5 9. O-O dxe5 10. Nxe5 Be6 11. Qa4+ Nd7 12. Nxd7 Qxd7 13. Qxd4 Bd6 14. Bf4 Bxf4 15. Qxf4 Qb5 16. Qd2 Rc8 17. a4 Qb3 18. Ra3 Qb6 19. a5 Qb5 20. Qd4 O-O 21. b4 Rc4 22. Qxa7 d4 23. a6 bxa6 24. Rxa6 dxc3 25. Na3 Qxb4 26. Nxc4 Bxc4 27. Rb6 Qc5 28. Rc1 Bd3 29. Rb7 Qg5 30. Qe3 Qxe3 31. fxe3 c2 32. Kf2 Re8 33. Rb3 Be4 34. Rb4 f5 35. Kg3 g5 36. h4 h6 37. hxg5 hxg5 38. Kf2 Kg7 39. Kg3 Kf6 40. Kf2 Rc8 41. g4 Rc5 42. Rb6+ Ke5 43. gxf5 Bxf5 44. Kf3 g4+ 45. Kf2 Ke4 46. Rb4+ Kd3 47. Rd4+ Kc3 48. Ke2 g3 49. Kf3 Kb2 50. Rxc2+ Kxc2 51. Kxg3 Kc3 52. Kf4 Bd3 53. Rd8 Rf5+ 54. Kg4 Re5 55. Kf4 Re4+ 56. Kf3 Kd2 57. Rb8 Re7 58. Rb4 Rxe3+ 59. Kf4 Re8 60. Rb6 Re4+ 61. Kg5 Ke3 62. Kf6 Rg4 63. Rb3 Rg6+ 64. Ke5 Rg5+ 65. Kf6 Rc5 66. Ra3 Ke4 67. Ra4+ Bc4 68. Ra1 Rc6+ 69. Kg5 Bd3 70. Ra7 Ke3 71. Rg7 Be4 72. Rg8 Rc5+ 73. Kf6 Kf4 74. Rg1 Rc6+ 75. Ke7 Ke5 76. Kd7 Rb6 77. Rg5+ Kd4 78. Rg1 Bd5 79. Rc1 Ke5 80. Re1+ Be4 81. Rc1 Rb3 82. Re1 Rb7+ 83. Kc8 Rh7 84. Rd1 Bd5 85. Kd8 Kd6 86. Re1 Rf7 87. Re3 Rf4 88. Re1 Bf3 89. Re3 Be4 0-1

[Event "Isle of Wight International"]
[Site "Ryde"]
[Date "2025.02.21"]
[Round "6.25"]
[White "Ng, Jun Fung Isaac"]
[Black "Venkatesan, Kavin"]
[Result "1/2-1/2"]
[WhiteElo "2034"]
[BlackElo "2227"]
[PlyCount "98"]
[EventDate "2025.02.18"]
[EventType "swiss"]
[EventRounds "9"]
[EventCountry "ENG"]
[SourceTitle "BritBase"]
[Source "John Saunders"]
[SourceDate "2025.02.21"]
[SourceVersion "1"]
[SourceVersionDate "2025.02.21"]
[SourceQuality "1"]

1. c4 e5 2. g3 c6 3. d4 e4 4. Bg2 d5 5. Nc3 Bb4 6. Qb3 Bxc3+ 7. bxc3 Nf6 8. Ba3 Nbd7 9. cxd5 cxd5 10. Nh3 Nb6 11. O-O Nc4 12. Rfd1 h5 13. Ng5 Qc7 14. Bc1 h4 15. Bf4 Qc6 16. f3 hxg3 17. hxg3 Nh5 18. Nxf7 Kxf7 19. fxe4 Nxf4 20. Rf1 g5 21. gxf4 Nd2 22. fxg5+ Ke8 23. exd5 Qd6 24. Qc2 Qh2+ 25. Kf2 Bf5 26. Qxd2 Qh4+ 27. Kg1 Qh2+ 28. Kf2 Be4 29. Qe3 Qxg2+ 30. Ke1 Rh3 31. Qf4 Qg3+ 32. Qxg3 Rxg3 33. Kd2 Bxd5 34. Rf5 Be6 35. Re5 Kd7 36. Rh1 Rf8 37. a3 Rh3 38. Rb1 b6 39. a4 Rf5 40. Rxf5 Bxf5 41. Rb5 Be6 42. d5 Bg4 43. a5 Rh2 44. axb6 Rxe2+ 45. Kd3 axb6 46. Rxb6 Re5 47. Kd4 Rxg5 48. Rb7+ Kc8 49. Rf7 Bd7 1/2-1/2

[Event "Isle of Wight International"]
[Site "Ryde"]
[Date "2025.02.21"]
[Round "6.26"]
[White "Rappazzo, Johannes"]
[Black "Damodaran, Patrick"]
[Result "0-1"]
[WhiteElo "2209"]
[BlackElo "2072"]
[PlyCount "130"]
[EventDate "2025.02.18"]
[EventType "swiss"]
[EventRounds "9"]
[EventCountry "ENG"]
[SourceTitle "BritBase"]
[Source "John Saunders"]
[SourceDate "2025.02.21"]
[SourceVersion "1"]
[SourceVersionDate "2025.02.21"]
[SourceQuality "1"]

1. e4 e6 2. d4 d5 3. Nc3 dxe4 4. Nxe4 Bd7 5. Nf3 Bc6 6. Bd3 Bxe4 7. Bxe4 c6 8. c3 Nf6 9. Bc2 Bd6 10. Qe2 Nbd7 11. Bd2 Qe7 12. h4 O-O-O 13. h5 h6 14. O-O-O Nb8 15. Qc4 Qc7 16. Qa4 a6 17. c4 Bf4 18. c5 Nbd7 19. g3 Bxd2+ 20. Nxd2 Kb8 21. Nc4 Rhf8 22. f4 Nd5 23. Rd3 Ka7 24. Ra3 Nb8 25. Bd3 b5 26. cxb6+ Nxb6 27. Qa5 Rd5 28. Qc3 Nxc4 29. Bxc4 Rd6 30. Rd1 Rfd8 31. Be2 Rd5 32. Ra4 Qb6 33. Rc4 R8d6 34. Bf3 Rb5 35. Rd3 Qc7 36. a4 Rb6 37. Qc2 Qd7 38. Qf2 Kb7 39. Rdc3 Qe8 40. g4 Qd8 41. Kb1 f6 42. Qg2 Rxd4 43. Rxd4 Qxd4 44. a5 Qxc3 45. axb6 Qe1+ 46. Ka2 Qa5+ 47. Kb1 Qxb6 48. Qe2 Qb3 49. Qe4 e5 50. fxe5 fxe5 51. Be2 Qe6 52. Bc4 Qd6 53. Qe2 c5 54. Qf3+ Nc6 55. Qf7+ Qe7 56. Qd5 Kb6 57. Qe4 Qd6 58. Qf3 e4 59. Qxe4 Qd1+ 60. Ka2 Nb4+ 61. Ka3 Nc2+ 62. Kb3 Nd4+ 63. Ka3 Qa1+ 64. Ba2 Nb5+ 65. Kb3 Qd1+ 0-1

[Event "Isle of Wight International"]
[Site "Ryde"]
[Date "2025.02.21"]
[Round "6.27"]
[White "Murawski, Jan"]
[Black "Li, Harry"]
[Result "0-1"]
[WhiteElo "2071"]
[BlackElo "2204"]
[PlyCount "68"]
[EventDate "2025.02.18"]
[EventType "swiss"]
[EventRounds "9"]
[EventCountry "ENG"]
[SourceTitle "BritBase"]
[Source "John Saunders"]
[SourceDate "2025.02.21"]
[SourceVersion "1"]
[SourceVersionDate "2025.02.21"]
[SourceQuality "1"]

1. d4 d5 2. c4 e6 3. Nc3 Nf6 4. Nf3 Nbd7 5. Bg5 Bb4 6. e3 c5 7. cxd5 exd5 8. dxc5 Qa5 9. Nd2 Bxc3 10. bxc3 Qxc5 11. Qc2 O-O 12. Bd3 Re8 13. O-O Ne4 14. Bh4 Qc6 15. Rac1 Ndc5 16. Nb3 Nxd3 17. Qxd3 Qh6 18. Bg3 Nxg3 19. hxg3 Re5 20. c4 Be6 21. c5 Re8 22. Nd4 Bd7 23. Rfe1 Rh5 24. f3 Rh2 25. Ne2 Rxe3 26. Qxe3 Rxg2+ 27. Kxg2 Qxe3 28. Rcd1 Qxc5 29. Nf4 d4 30. Rd2 Bc6 31. Red1 g5 32. Nh5 Qf5 33. Rd3 g4 34. Nf4 Bxf3+ 0-1

[Event "Isle of Wight International"]
[Site "Ryde"]
[Date "2025.02.21"]
[Round "6.28"]
[White "Tsakiris, Haralambos"]
[Black "Bharat Kumar, Balahari"]
[Result "1-0"]
[WhiteElo "2178"]
[BlackElo "2022"]
[PlyCount "55"]
[EventDate "2025.02.18"]
[EventType "swiss"]
[EventRounds "9"]
[EventCountry "ENG"]
[SourceTitle "BritBase"]
[Source "John Saunders"]
[SourceDate "2025.02.21"]
[SourceVersion "1"]
[SourceVersionDate "2025.02.21"]
[SourceQuality "1"]

1. d4 d5 2. Nf3 Nf6 3. g3 c6 4. Bg2 e6 5. O-O Nbd7 6. c4 dxc4 7. a4 a5 8. Qc2 Be7 9. Qxc4 O-O 10. Nc3 Nb6 11. Qb3 Nbd5 12. Ne5 Nd7 13. Nxd7 Qxd7 14. e4 Nb4 15. Rd1 b6 16. d5 Qc7 17. Be3 e5 18. Rac1 Ba6 19. dxc6 Qxc6 20. Nd5 Qe6 21. Nxe7+ Qxe7 22. Bxb6 Rfb8 23. Rc7 Qf6 24. Rd6 Rxb6 25. Rxb6 Qg5 26. Qxf7+ Kh8 27. h4 Qg4 28. Bf3 1-0